Stephen Hawking / (Record no. 21413)

MARC details
000 -BAŞLIK
Sabit Uzunluktaki Kontrol Alanı 00631nam a22002057a 4500
003 - KONTROL NUMARASI KİMLİĞİ
Kontrol Alanı koha_MIRAKIL
005 - EN SON İŞLEM TARİHİ ve ZAMANI
Kontrol Alanı 20250114143819.0
008 - SABİT UZUNLUKTAKİ VERİ ÖGELERİ - GENEL BİLGİ
Sabit Alan 250114b tur||||| |||| 00| 0 tur d
020 ## - ISBN - ULUSLARARASI STANDART KİTAP NUMARASI
Isbn 9786051886176
040 ## - KATALOGLAMA KAYNAĞI
Özgün Kataloglama Kurumu TR-IsEVY
Kataloglama Dili tur
Çeviri Kurumu TR-IsEVY
082 ## - DEWEY ONU SINIFLAMA SİSTEMİ
Sınıflama Numarası 926 GIG/S
100 ## - KİŞİ ADI
Yazar Adı (Kişi adı) Gigliotti, Jim
245 #0 - ESER ADI BİLDİRİMİ
Başlık Stephen Hawking /
Sorumluluk Bildirimi Jim Gigliotti ; resimleyen Gregory Copeland.
260 ## - YAYIN, DAĞITIM, VB.
Yayın Yeri İstanbul :
Yayınevi Beyaz Balina Yayınları ,
Yayın Tarihi 2022.
300 ## - FİZİKSEL TANIMLAMA
Sayfa, Cilt vb. 112 s. :
Diğer fiziki detaylar resimli ;
Boyutları 19 cm.
600 14 - KONU BAŞLIĞI EK GİRİŞİ - KİŞİ ADI
Kişi Adı Stephen Hawking
650 ## - KONU BAŞLIĞI EK GİRİŞ - KONU TERİMİ
Konusal terim veya coğrafi ad Biyografi.
Alt başlık biçimi Teknoloji İnsanları.
700 1# - EK GİRİŞ - KİŞİ ADI
Yazar Adı (Kişi adı) Copeland, Gregory.
Ünvan resimleyen.
942 ## - EK GİRİŞ ÖGELERİ (KOHA)
Source of classification or shelving scheme Dewey Decimal Classification
Koha item type Kitap
Holdings
Kayıp Durumu Sınıflandırma Kaynağı Hasarlı Durumu Koleksiyon Kodu Kalıcı Konum Mevcut Konum Kayıt Tarih Edinim Kaynağı Toplam Ödünçverme Yer Numarası Demirbaş Numarası Son Görülme Tarihi Son Kontrol Tarihi Fatura Tarihi Materyal Türü
  Dewey Decimal Classification   İlkokul İLKOKUL KÜTÜPHANESİ İLKOKUL KÜTÜPHANESİ 14/01/2025 Bağış 1 926 GIG/S 22675 17/04/2025 06/03/2025 14/01/2025 Kitap